MARC details
| 000 -CABECERA |
| campo de control de longitud fija |
03929nam a2200397 a 4500 |
| 003 - IDENTIFICADOR DEL NÚMERO DE CONTROL |
| campo de control |
CHAP |
| 005 - FECHA Y HORA DE LA ÚLTIMA TRANSACCIÓN |
| campo de control |
20250224092537.0 |
| 007 - CAMPO FIJO DE DESCRIPCIÓN FÍSICA--INFORMACIÓN GENERAL |
| campo de control de longitud fija |
ta |
| 008 - DATOS DE LONGITUD FIJA--INFORMACIÓN GENERAL |
| campo de control de longitud fija |
250221s2006 mx abdefrm||| 001 0 spa d |
| 040 ## - FUENTE DE LA CATALOGACIÓN |
| Centro catalogador/agencia de origen |
mxchpua |
| Centro/agencia transcriptor |
CHAP |
| 041 0# - CÓDIGO DE LENGUA |
| Código de lengua del texto/banda sonora o título independiente |
spa |
| Código de lengua del sumario o resumen |
eng |
| 090 ## - LOCALMENTE ASIGNADO TIPO-LC NÚMERO DE CLASIFICACIÓN (OCLC); NÚMERO DE CLASIFICACIÓN LOCAL (RLIN) |
| Número de clasificación (OCLC) (R) ; Numero de clasificación, CALL (RLIN) (NR) |
Tesis |
| Número cutter local (OCLC) ; Número de libro/Signatura topográfica íntegra, CALL (RLIN) |
L676 |
| año |
2006 |
| 100 1# - ENTRADA PRINCIPAL--NOMBRE DE PERSONA |
| Nombre de persona |
López Robles, Edwin |
| 240 10 - TÍTULO UNIFORME |
| Título uniforme |
Technical study of economic feasibility and mercadologica to establish a packing of handle (mangifera indica l.) In the municipality of Santo Domingo Zanatepec, Oaxaca. |
| Lenguaje de la obra |
Español |
| 245 10 - MENCIÓN DE TÍTULO |
| Título |
Estudio de Factibilidad Técnico Económica y mercadológica para establecer una empacadora de mango (Mangifera indica l.) en el municipio de Santo Domingo Zanatepec, Oaxaca. / |
| Mención de responsabilidad, etc. |
Edwin López Robles y Almadalia Velasco Hernández |
| 264 ## - PRODUCCIÓN, PUBLICACIÓN, DISTRIBUCIÓN, FABRICACIÓN Y COPYRIGHT |
| Producción, publicación, distribución, fabricación y copyright |
Chapingo, México : |
| Nombre del de productor, editor, distribuidor, fabricante |
El autor, |
| Fecha de producción, publicación, distribución, fabricación o copyright |
2006 |
| 300 ## - DESCRIPCIÓN FÍSICA |
| Extensión |
iv, 78 hojas : |
| Otras características físicas |
ilustraciones, tablas, gráficas, mapas, planos |
| 336 ## - TIPO DE CONTENIDO |
| Fuente |
rdacontent |
| Término de tipo de contenido |
texto |
| Código de tipo de contenido |
txt |
| 337 ## - TIPO DE MEDIO |
| Fuente |
rdamedia |
| Nombre/término del tipo de medio |
no mediado |
| Código del tipo de medio |
n |
| 338 ## - TIPO DE SOPORTE |
| Fuente |
rdacarrier |
| Nombre/término del tipo de soporte |
volumen |
| Código del tipo de soporte |
nc |
| 502 ## - NOTA DE TESIS |
| Nota de tesis |
Tesis |
| Tipo de título |
(Ingeniero Agroindustrial) -- |
| Nombre de la institución que otorga el título |
UACh. Departamento de Ingeniería Agroindustrial, |
| Año de obtención del título |
2006 |
| 504 ## - NOTA DE BIBLIOGRAFÍA, ETC. |
| Nota de bibliografía, etc. |
Bibliografía: hojas 75-77 |
| 520 3# - SUMARIO, ETC. |
| Sumario, etc. |
El presente estudio fue realizado con la finalidad de evaluar la factibilidad técnico económica y mercadológica para establecer una empacadora de mango en el municipio de Santo Domingo Zanatepec, Oaxaca. El estudio se realizó analizando una serie de aspectos que influyen en la viabilidad del proyecto, estos fueron: Aspectos comerciales, sociales, técnicos, institucionales, orgánicos y administrativos, financieros, económicos y el impacto ambiental que tendría el establecimiento de la empresa. Los resultados del estudio, indican que, el proyecto es viable técnica económica y mercadológicamente. La tendencia de la producción de mango en el municipio mencionado tiende a aumentar en los próximos años, los principales indicadores VPN (7517.0414) y la TIR (43.0456%), nos dice que resulta mejor invertir en el proyecto que en cualquier institución financiera, una relación beneficio costo de 1.4768, esto es, por cada peso que invierte la sociedad, recupera el peso más 0.47 centavos. La inversión total para realizar el proyecto es de $ 3 528 720.00. |
| 520 3# - SUMARIO, ETC. |
| Sumario, etc. |
The present study was realized by the purpose of evaluating the technical - economic feasibility and mercadologica to establish a packing of handle in the municipality of Santo Domingo Zanatepec, Oaxaca. The study was realized analyzing a series of aspects that influence the viability of proyect, these aspects were: commercial, social, technical, institutional, organic and administrative, financial, economic Aspects and the environmental impact that would have the establishment of the company. The results of the study, they indicate that, the project is viable technical - economic and mercadologicamente. The trend of the production of handle in the mentioned municipality tends to increase in the next years, the principal indicators VPN of (7517.0414) a TIR (43.0456), says to us that it turns out to be better to invest in the project that in any financial institution, a relation benefit cost of 1.4768, this is, for every peso that the society invests, the peso recovers more 0.47 cents. The total investment to realize the project is of $ 3 528 720.00. |
| 650 13 - PUNTO DE ACCESO ADICIONAL DE MATERIA--TÉRMINO DE MATERIA |
| Término de materia o nombre geográfico como elemento de entrada |
Mangos |
| Fuente del encabezamiento o término |
atg |
| Subdivisión general |
Plantas empacadoras |
| 650 13 - PUNTO DE ACCESO ADICIONAL DE MATERIA--TÉRMINO DE MATERIA |
| Término de materia o nombre geográfico como elemento de entrada |
Mangos |
| Fuente del encabezamiento o término |
atg |
| Subdivisión general |
Iniciativa empresarial |
| Subdivisión geográfica |
México |
| -- |
Oaxaca |
| 650 13 - PUNTO DE ACCESO ADICIONAL DE MATERIA--TÉRMINO DE MATERIA |
| Término de materia o nombre geográfico como elemento de entrada |
Mangoes |
| Fuente del encabezamiento o término |
atg |
| Subdivisión general |
Packing houses |
| 650 13 - PUNTO DE ACCESO ADICIONAL DE MATERIA--TÉRMINO DE MATERIA |
| Término de materia o nombre geográfico como elemento de entrada |
Mangoes |
| Fuente del encabezamiento o término |
atg |
| Subdivisión general |
Entrepreneurship |
| Subdivisión geográfica |
Mexico |
| -- |
Oaxaca |
| 700 1# - PUNTO DE ACCESO ADICIONAL--NOMBRE DE PERSONA |
| Nombre de persona |
Velasco Hernández, Almadalia |
| Término indicativo de función/relación |
autora |
| 700 1# - PUNTO DE ACCESO ADICIONAL--NOMBRE DE PERSONA |
| Nombre de persona |
Ponce Hernández, Pedro |
| Término indicativo de función/relación |
director |
| 700 1# - PUNTO DE ACCESO ADICIONAL--NOMBRE DE PERSONA |
| Nombre de persona |
Sánchez Peña, José Víctor |
| Término indicativo de función/relación |
asesor |
| 700 1# - PUNTO DE ACCESO ADICIONAL--NOMBRE DE PERSONA |
| Nombre de persona |
Mejenes Quijano, Amilcar Renán |
| Término indicativo de función/relación |
asesor |
| 856 41 - LOCALIZACIÓN Y ACCESO ELECTRÓNICOS |
| Identificador Uniforme del Recurso |
<a href="http://10.13.5.2/tesis/104724.pdf">http://10.13.5.2/tesis/104724.pdf</a> |
| Texto de enlace |
DESCARGAR PDF |
| 901 ## - ELEMENTOS DE DATOS A LOCAL LDA (RLIN) |
| a |
Tesis L676 2006 |
| 942 ## - ELEMENTOS DE PUNTO DE ACCESO ADICIONAL (KOHA) |
| Fuente del sistema de clasificación o colocación |
Clasificación Universidad Autónoma Chapingo |
| Tipo de ítem Koha |
Tesis |